Egyetem kerestetik

Elmentve itt :
Bibliográfiai részletek
Szerző: HORVÁTH Andor
Adatforrás:Meister
Forrásdokumentuma:Korunk. -
4 sz., 1997, 3-5 p.
Nyelv:magyar
Kulcsszavak:politikai publicisztika
oktatási intézmények
egyetemek
politikai intézmények
magyar felsőoktatás (romániai)
magyar egyetem (romániai)
felsőoktatás
RMDSZ-Romániai Magyar Demokrata Szövetség
LEADER 00606nab a2200205 i 4500
001 bibPRO00000511
008 060524s1997 xx hun
040 |a Sz1 
041 |a hun 
100 1 |a HORVÁTH Andor 
245 1 0 |a Egyetem kerestetik  |c HORVÁTH Andor 
695 |a politikai publicisztika 
695 |a oktatási intézmények 
695 |a egyetemek 
695 |a politikai intézmények 
695 |a magyar felsőoktatás (romániai) 
695 |a magyar egyetem (romániai) 
695 |a felsőoktatás 
695 |a RMDSZ-Romániai Magyar Demokrata Szövetség 
773 0 |t Korunk. -  |g 4 sz., 1997, 3-5 p.